|
|
|
|
| LEADER |
00000nab a2200000 a 4500 |
| 001 |
vtls000664477 |
| 003 |
SK-MaSNL |
| 005 |
20260304171822.0 |
| 008 |
250425c1998 xo 0 slo |
| 015 |
|
|
|a SNBRB1998/06-15699
|
| 035 |
|
|
|a CLN000016663
|
| 035 |
|
|
|a urn:nbn:sk:snk-abaijp
|
| 035 |
|
|
|a (urnnbn)urn:nbn:sk:snk:ar-007sgi
|
| 035 |
|
|
|a (uuid)1e94ac1a-8663-4605-a7bb-a8603e34aa58
|
| 040 |
|
|
|a SNKBUCL
|b slo
|c SNKBUCL
|e AACR2
|
| 041 |
0 |
|
|a slo
|
| 044 |
|
|
|a xo
|c SK
|
| 080 |
|
|
|a 617.7-089.5
|2 1997
|
| 245 |
0 |
0 |
|a Prehľad postupov celkovej anestézie v oftalmológii
|c F. Schimek ... [et al.]
|
| 300 |
|
|
|b Tab.
|
| 504 |
|
|
|a Bibliogr. odkazy
|
| 650 |
0 |
7 |
|a oftalmológia
|2 SNKPH
|9 910
|
| 650 |
0 |
7 |
|a anestézia
|2 SNKPH
|9 14352
|
| 650 |
0 |
7 |
|a očná chirurgia
|2 SNKPH
|9 83465
|
| 655 |
|
7 |
|a články z novín a časopisov
|2 SNK
|9 267496
|
| 700 |
1 |
|
|a Schimek, F.
|4 aut
|9 1500666
|
| 700 |
1 |
|
|a Nogová, L.
|4 aut
|9 1500667
|
| 700 |
1 |
|
|a Ševčík, P.
|4 aut
|9 779589
|
| 700 |
1 |
|
|a Knorr, M.
|4 aut
|9 1500668
|
| 773 |
0 |
|
|t Česká a slovenská oftalmologie
|g Roč. 54, č. 4 (1998), s. 263-275
|x 1211-9059
|
| 850 |
|
|
|a Slovenská národná knižnica
|
| 852 |
|
|
|a Slovenská národná knižnica
|
| 954 |
|
|
|a odborná, vedecká literatúra pôvodná (slovenská)
|2 lita
|
| 958 |
|
|
|a article14
|
| 958 |
|
|
|a NB
|
| 958 |
|
|
|a OND
|
| 958 |
|
|
|a EUIPO
|
| 999 |
|
|
|c 2995199
|d 2997129
|